Politique Française en H - Statistiques

Statistiques générales
  • Ce quiz a été pris 224 fois
  • Le résultat moyen est 6 sur 10
Statistiques - réponses
Hint Réponse % Correct
Président de la République entre 2012 et 2017 François Hollande
99%
Maire de Paris depuis 2014 et candidate du Parti Socialiste à l’élection présidentielle de 2022 Anne Hidalgo
98%
Vainqueur de la primaire du Parti Socialiste devant Manuel Valls, il est candidat à l’élection présidentielle de 2017, mais n’obtient que 6,4% des voix. Il fonde par la suite son mouvement, Génération.s, avant de se retirer de la vie politique en 2019. Benoît Hamon
77%
Anciens combattants algériens ayant servi du côté de l’armée française lors de la guerre d’Algérie. Harkis
65%
Salle de l’Assemblée Nationale où les député.e.s se réunissent pour débattre et voter les lois en plénière. Hémicycle
65%
Avocate, militante féministe et femme politique franco-tunisienne, elle est signataire du Manifeste des 343. Elle a lutté toute sa vie pour le droit des femmes et des personnes homosexuelles. Gisèle Halimi
60%
Siège de la mairie de chaque commune en France Hôtel de ville
54%
Homme politique franco-israélien, député de la 8ème circonscription des français de l’étranger de 2013 à 2024, où il est battu par Caroline Yadan. Il est accusé d’apologie de crimes de guerre après avoir qualifié la population de Gaza de “cancer” et est un soutien inconditionnel de Benyamin Netanyahou. Meyer Habib
48%
Fidèle lieutenant de Nicolas Sarkozy, il a notamment été ministre de l’Immigration, du Travail et enfin de l’Intérieur. Il est notamment mis en cause dans l’affaire Sarkozy - Kadhafi, sur le financement de la campagne de 2007. Brice Hortefeux
32%
Institution française créée en 2013 chargée du contrôle de la situation patrimoniale des responsables publics. Elle est compétente en termes de déontologie et de conflits d’intérêts Haute Autorité pour la transparence de la vie publique (HATVP)
30%
Aucun quiz correspondant
Distribution des résultats
% des personnes avec chaque résultat
Percentile par nombre de réponses
Votre historique - résultats
Vous n’avez pas pris ce quiz